000 00636nam a2200253 i 4500
001 C2-0075945
003 PPAK
005 20180727081845.0
008 970429s1990 enk |||| ||||| | eng d
020 _a0435121766
040 _aPPAK
_beng
_cPPAK
_erda
082 0 4 _a823
_223
090 0 0 _a823
_bCHR
_dG
090 0 0 _a823
_bCHR
_dK
100 1 _aChristopher, John,
_eauthor
245 1 4 _aThe guardians
264 1 _aOxford :
_bHeinemann ,
_c1990
300 _a156 pages ;
_c19 cm
336 _2rdacontent
_atext
337 _2rdamedia
_aunmediated
338 _2rdacarrier
_avolume
650 1 0 _aEnglish fiction
942 _ddc
_cB
999 _c11552
_d11552